ARRUPE JESUIT UNIVERSITY

CORONAVIRUS -STOP THE SPREAD - CLEAN,DISINFECT,COVER

C. G. Jung: (Record no. 126280)

MARC details
000 -LEADER
fixed length control field 00868cam a22002771 4500
001 - CONTROL NUMBER
control field 1286682
003 - CONTROL NUMBER IDENTIFIER
control field ARRUPE
005 - DATE AND TIME OF LATEST TRANSACTION
control field 20170313120837.0
008 - FIXED-LENGTH DATA ELEMENTS--GENERAL INFORMATION
fixed length control field 801009s1970 fr ac b 000 0bfre
010 ## - LIBRARY OF CONGRESS CONTROL NUMBER
LC control number 75598244
015 ## - NATIONAL BIBLIOGRAPHY NUMBER
National bibliography number F***
040 ## - CATALOGING SOURCE
Original cataloging agency DLC
Transcribing agency DLC
Modifying agency DLC
050 00 - LIBRARY OF CONGRESS CALL NUMBER
Classification number BF173.J85
Item number C2
300 ## - PHYSICAL DESCRIPTION
Other physical details illus., ports.
Dimensions 19 cm.
100 ## - MAIN ENTRY--PERSONAL NAME
Personal name Storr, Athnony
9 (RLIN) 29341
245 00 - TITLE STATEMENT
Title C. G. Jung:
Statement of responsibility, etc Anthony Storr
260 ## - PUBLICATION, DISTRIBUTION, ETC. (IMPRINT)
Place of publication, distribution, etc New York
Name of publisher, distributor, etc The Vikings Press
Date of publication, distribution, etc 1973.
300 ## - PHYSICAL DESCRIPTION
Extent 116 p.
350 ## - PRICE (NR) (BK AM CF MU VM SE) [OBSOLETE]
Price 7.00F
500 ## - GENERAL NOTE
General note Cover title.
500 ## - GENERAL NOTE
General note "Ce numéro ... a été réalisé par Marc de Smedt."
504 ## - BIBLIOGRAPHY, ETC. NOTE
Bibliography, etc Bibliography: p. 132.
600 10 - SUBJECT ADDED ENTRY--PERSONAL NAME
Personal name Jung, C. G.
Fuller form of name (Carl Gustav),
Dates associated with a name 1875-1961.
9 (RLIN) 7016
700 1# - ADDED ENTRY--PERSONAL NAME
Personal name Smedt, Marc de,
Dates associated with a name 1946-
Relator term ed.
9 (RLIN) 29342
906 ## - LOCAL DATA ELEMENT F, LDF (RLIN)
a 7
b cbc
c orignew
d u
e ncip
f 19
g y-gencatlg
942 ## - ADDED ENTRY ELEMENTS (KOHA)
Source of classification or shelving scheme Library of Congress Classification
Koha item type Monograph ( Printed materials)
Holdings
Withdrawn status Lost status Source of classification or shelving scheme Damaged status Not for loan Collection code Home library Current library Shelving location Date acquired Total Checkouts Full call number Barcode Date last seen Price effective from Koha item type
    Library of Congress Classification     Main Collection ARRUPE LIBRARY ARRUPE LIBRARY Main Collection 13/03/2017   BF173.J85 S76 1973 46500025543 13/03/2017 13/03/2017 Monograph ( Printed materials)

 

Arrupe Library. PO Box MP320 Mt Pleasant, Harare, Zimbabwe
263 242 745411|librarian@aju.ac.zw